241222 - Quiz quotidien du 22 décembre 2024 - Statistiques

Statistiques générales
  • Ce quiz a été pris 52 fois
  • Le résultat moyen est 3 sur 10
Statistiques - réponses
Question Réponse % Correct
Quel groupe a sorti l’album "OK Computer" en 1997 ? Radiohead
89%
Le PDG de quelle entreprise a été assassiné à New York début décembre ? UnitedHealthcare
67%
Quel pays européen utilisait la drachme comme monnaie avant l’introduction de l’euro ? Grèce
56%
Selena Kyle est l’alter ego de quel personnage de bande dessinée ? Catwoman
33%
De quelle franchise de films le premier volet s’intitule-t-il en anglais "First Blood" ? Rambo
33%
Laquelle des unités de distance suivantes est la plus longue ? Parsec
22%
Quels deux pays ont signé le "Pacte d’Acier" en 1939 ? Allemagne et Italie
11%
Qui a vendu l'Alaska aux États-Unis pour seulement 2 cents par acre ? Russie
11%
Quelle entreprise américaine est devenue, en 1901, la première à atteindre une capitalisation boursière de 1 milliard de dollars ? U.S. Steel
0%
Selon la mythologie grecque, qui a donné naissance à Athéna ? Zeus
0%
Aucun quiz correspondant
Distribution des résultats
% des personnes avec chaque résultat
Percentile par nombre de réponses
Votre historique - résultats
Vous n’avez pas pris ce quiz